• 首页
  • 本馆介绍
  • 公告通知
  • 最新文献
  • 馆藏检索
  • 电子资源
  • 读者导购
  • 参考咨询
  • 我的图书馆
  • 登录
  • 详细信息显示
  • 放入我的书架
  • 预约/预借图书
  • 作者相关作品
  • 分类相关作品
  • 丛书相关作品
  • 出版社相关作品

书目信息

  • 表格格式
  • 工作单格式
  • 卡片格式
题名:
笑死你的逻辑学
    
 
作者: 王宇 编著
分册:  
出版信息: 杭州   浙江大学出版社  2012.03
页数: 10,166页
开本: 23cm
丛书名: 笑死你丛书
单 册:
中图分类: B81-49
科图分类:
主题词: 逻辑学--通俗读物 , 逻辑学
电子资源:
ISBN: 978-7-308-09617-1
000 00743oam2 2200253 450
001 010700125973
005 20130627100137.75
010    @a978-7-308-09617-1@dCNY30.00
100    @a20120514d2012 em y0chiy0110 ea
101 0  @achi
102    @aCN@b330000
105    @aa z 000yy
106    @ar
200 1  @a笑死你的逻辑学@9xiao si ni de luo ji xue@f王宇编著
210    @a杭州@c浙江大学出版社@d2012.03
215    @a10,166页@c图@d23cm
225 1  @a笑死你丛书
330    @a本书将让你与逻辑学零距离接触,在轻松和嬉笑中领略逻辑的智慧和奇妙,掌握神奇的逻辑学。
606 0  @a逻辑学@j通俗读物
606 0  @a逻辑学
690    @aB81-49@v5
701  0 @a王宇@9wang yu@4编著
801  0 @aCN@bNLC@c20120727
905    @b546494-97@dB81-49@e237@f4
    
    笑死你的逻辑学/王宇编著.-杭州:浙江大学出版社,2012.03
    10,166页:图;23cm.-(笑死你丛书)
    
    
    ISBN 978-7-308-09617-1:CNY30.00
    本书将让你与逻辑学零距离接触,在轻松和嬉笑中领略逻辑的智慧和奇妙,掌握神奇的逻辑学。
●
相关链接 在E读中查询图书 在五车中查询图书 在当当中查询图书 在豆瓣中查询图书


正题名:笑死你的逻辑学     索取号:B81-49/237         预约/预借

序号 登录号 条形码 馆藏地/架位号 状态 备注
1 546494   205464941   第一样本阅览室/ [索取号:B81-49/237] 在馆    
2 546495   205464950   第一借阅区/ [索取号:B81-49/237] 在馆    
3 546496   205464969   第一借阅区/ [索取号:B81-49/237] 在馆    
4 546497   205464978   第一借阅区/ [索取号:B81-49/237] 在馆    
唐山师范学院图书馆 欢迎您!
大连网信软件有限公司© 版权所有